Statistics for UEFA Euro 1992 Results

Click here to take the quiz!

General Stats

  • This quiz has been taken 28 times
  • The average score is 7 of 8

Answer Stats

Answer % Correct
England
100%
France
100%
Germany
100%
Netherlands
96%
Denmark
92%
Sweden
92%
Scotland
79%
CIS
54%

Score Distribution

Percentile by Number Answered

Percent of People with Each Score

Your Score History

You have not taken this quiz